Les jeux Pokémon de la licence principale - Statistiques

Statistiques générales
  • Ce quiz a été pris 275 fois
  • Le résultat moyen est 33 sur 38
Statistiques - réponses
Réponse Hint % Correct
bleu 1996
99%
rouge 1996
99%
vert 1996
98%
blanc 2010
96%
diamant 2006
96%
jaune 1998
96%
noir 2010
96%
saphir 2002
96%
lune 2016
94%
perle 2006
94%
rubis 2002
94%
soleil 2016
94%
argent 1999
93%
or 1999
93%
x 2013
93%
y 2013
93%
bouclier 2019
91%
epee 2019
91%
violet 2022
91%
emeraude 2004
90%
platine 2008
90%
blanc 2 2012
88%
noir 2 2012
88%
ecarlate 2022
85%
ultra lune 2017
84%
ultra soleil 2017
84%
vert feuille 2004
83%
rouge feu 2004
82%
saphir alpha 2014
82%
soulsilver 2009
82%
heartgold 2009
81%
rubis omega 2014
81%
cristal 2000
75%
let's go evoli 2018
72%
let's go pikachu 2018
72%
diamant etincelant 2021
64%
perle scintillante 2021
64%
arceus 2022
62%
Aucun quiz correspondant
Distribution des résultats
% des personnes avec chaque résultat
Percentile par nombre de réponses
Votre historique - résultats
Vous n’avez pas pris ce quiz